Statistics for Most Common Male First Names in Brazil

Click here to take the quiz!

General Stats

  • This quiz has been taken 35 times
  • The average score is 11 of 20

Answer Stats

#First letterAnswer% Correct
2,971,935JJoão
90%
5,732,508JJosé
77%
1,417,907PPaulo
77%
1,213,557PPedro
77%
1,483,121CCarlos
71%
931,530LLuís
68%
1,102,927LLuiz
68%
2,567,494AAntônio
61%
615,924FFelipe
61%
663,271BBruno
58%
1,765,197FFrancisco
55%
922,744GGabriel
55%
1,116,818LLucas
55%
814,709RRafael
45%
598,895RRodrigo
45%
1,101,126MMarcos
42%
706,527DDaniel
39%
628,539EEduardo
35%
690,098MMarcelo
26%
611,174RRaimundo
10%

Score Distribution

Percentile by Number Answered

Percent of People with Each Score

Your Score History

You have not taken this quiz